Theophile Gautier.

Bibliographic Details
Main Author: Fauchereau, Serge
Format: Book
Language:French
Published: Paris : Les Lettres nouvelles, [1972]
Series:Dossiers des Lettres nouvelles.
Subjects:

MARC

Tag First Indicator Second Indicator Subfields
LEADER 00000cam a2200000 4500
001 in00000490261
005 20151013053104.0
008 731108s1972 fr b 00000 fre
010 |a  73300417  
035 |a (OCoLC)00736214 
035 |9 ACB8058AM 
040 |c SYB  |d TXA  |d UtOrBLW 
049 |a TXAM  |c [1432076] 
050 0 0 |a PQ2258.Z5  |b F3 
100 1 |a Fauchereau, Serge. 
245 1 0 |a Theophile Gautier. 
264 1 |a Paris :  |b Les Lettres nouvelles,  |c [1972] 
300 |a 141 pages ;  |c 20 cm. 
336 |a text  |b txt  |2 rdacontent 
337 |a unmediated  |b n  |2 rdamedia 
338 |a volume  |b nc  |2 rdacarrier 
490 1 |a Dossiers des Lettres nouvelles. Essai 
504 |a Includes bibliographical references. 
600 1 0 |a Gautier, Théophile,  |d 1811-1872. 
830 0 |a Dossiers des Lettres nouvelles. 
999 |a MARS 
999 f f |s 8f366a54-9ee5-3623-8b5d-398a2b68cc0c  |i 243e5eb0-1b51-3c42-91ed-35c9919b3269  |t 0 
952 f f |p normal  |a Texas A&M University  |b College Station  |c Sterling C. Evans Library  |d Evans: Library Stacks  |t 0  |e PQ2258.Z5 F3  |h Library of Congress classification  |i unmediated -- volume  |m A14803769553 
998 f f |a PQ2258.Z5 F3  |t 0  |l Evans: Library Stacks